| 000 | 00368nam a2200133Ia 4500 | ||
|---|---|---|---|
| 008 | 220217s9999||||xx |||||||||||||| ||und|| | ||
| 020 | _a0-87692-638-3 | ||
| 082 | _a004 RAJ | ||
| 100 | _aRajaraman, V | ||
| 245 | 0 | _aElements of parallel computing | |
| 260 |
_aPrentice hall of india private Ltd. _bNew Delhi _c1990 |
||
| 300 | _b39 | ||
| 650 | _aCOMPUTER SCIENCE | ||
| 999 |
_c176616 _d176616 |
||